| 000 | 00482nam a2200181Ia 4500 | ||
|---|---|---|---|
| 003 | LDD | ||
| 008 | 181101s9999 xx 000 0 und d | ||
| 020 |
_a8189461591 _c250.00 |
||
| 040 | _cLDD | ||
| 100 | _aAlvi, Khalid | ||
| 245 | 0 |
_aMasnaviyat-e-Qayim _cKhalid Alvi |
|
| 260 |
_aDelhi _bKitabi Duniya _c2008 |
||
| 300 | _a267p. | ||
| 901 |
_a15920 _b17-03-2017 |
||
| 902 |
_a2840 _b17-03-2017 _cF _dPIBD _e8U |
||
| 903 |
_a20 _bReqst by : Mohd.Akbar |
||
| 942 |
_2ddc _cUR |
||
| 999 |
_c161 _d161 |
||